000
00302nam a22001457a 4500
003
SGT
082
_a
611
_b
C14A
100
_a
ABRAHAMS,PETER.H
245
_a
CLINICAL ATLAS OF HUMAN ANATOMY
250
_a
7TH
260
_a
DELHI
_b
ELSEVIER
_c
2014
300
_a
387
650
_a
ANATOMY
942
_2
ddc
_c
BK
999
_c
8486
_d
8486